Zeitschrift für Management.

Subjects covered include economics, management science, entrepreneurship and business management science.

Bibliographic Details
Format: Journal
Language:German
Published: [Wiesbaden] : Gabler Verlag, 2006-2011.
Subjects:
Online Availability: Check for online availability

MARC

Tag First Indicator Second Indicator Subfields
LEADER 00000cas a2200000Ia 4500
001 in00002507621
005 20151201113627.0
006 m o d
007 cr |||||||||||
008 100302d20062011gw qr poo 0 0ger d
016 7 |a 989600610  |2 DE-101 
016 7 |a 2437777-6  |2 DE-600 
016 7 |a 014678215  |2 Uk 
019 |a 746948053  |a 766186309 
022 |a 1865-9012  |l 1861-4264  |y 1861-4264 
029 1 |a AU@  |b 000048870491 
029 1 |a NZ1  |b 15736681 
035 |a (OCoLC)ocn351263771 
035 |a (OCoLC)351263771  |z (OCoLC)746948053  |z (OCoLC)766186309 
040 |a HNK  |b eng  |c HNK  |d HNK  |d CIT  |d VPI  |d OCLCQ  |d UKMGB  |d CCT  |d OCLCQ  |d OCLCF  |d OCLCO  |d TXA  |d UtOrBLW 
049 |a TXAM 
050 4 |a HD28  |b .Z468 Electronic 
082 0 4 |a 330  |2 22 
210 1 |a Z. Manag.  |b (Internet) 
222 0 |a Zeitschrift für Management  |b (Internet) 
245 0 0 |a Zeitschrift für Management. 
246 1 |a Z mang 
246 1 |a ZfM 
264 1 |a [Wiesbaden] :  |b Gabler Verlag,  |c 2006-2011. 
310 |a Quarterly 
336 |a text  |b txt  |2 rdacontent 
337 |a computer  |b c  |2 rdamedia 
338 |a online resource  |b cr  |2 rdacarrier 
362 1 |a Began with: Vol. 1, no. 1 (Jan. 2006); ceased with: Vol. 6, issue 4 (June 2011)? 
520 |a Subjects covered include economics, management science, entrepreneurship and business management science. 
538 |a Mode of access: World Wide Web. 
588 |a Description based on: Vol. 1, no. 1 (Jan. 2006); title from title screen (SpringerLink, viewed May 25, 2009). 
588 |a Latest issue consulted: Vol. 6, issue 4 (June 2011) (SpringerLink, viewed Dec. 1, 2014). 
500 |a Electronic resource. 
650 0 |a Management  |v Periodicals. 
650 0 |a Business  |v Periodicals. 
650 7 |a Economics.  |2 galestne 
650 7 |a Business.  |2 fast  |0 (OCoLC)fst00842262 
650 7 |a Management.  |2 fast  |0 (OCoLC)fst01007141 
653 0 |a Economics 
655 7 |a Periodicals.  |2 fast  |0 (OCoLC)fst01411641 
776 0 8 |i Print version:  |t Zeitschrift für Management  |x 1861-4264  |w (OCoLC)855335738 
948 |a cataloged  |b h  |c 2014/12/16  |d c  |e spoltoratski  |f 3:54:09 pm  |g sc 
994 |a C0  |b TXA 
999 |a MARS 
999 f f |s b7b421fc-95e7-3f93-adeb-837dd0009c88  |i dca70fec-513d-30a0-b7c4-a545fdb59623  |t 0 
952 f f |a Texas A&M University  |b College Station  |c Electronic Resources  |d Available Online  |t 0  |e HD28 .Z468  |g Electronic  |h Library of Congress classification 
998 f f |a HD28 .Z468  |t 0  |l Available Online